| 000 | 00525nam a2200169Ia 4500 | ||
|---|---|---|---|
| 003 | GCL | ||
| 008 | 140319s9999 xx 000 0 ara d | ||
| 040 |
_aGCL / _cGCL |
||
| 082 | 0 | 4 |
_a650 _bا ا |
| 100 | 1 | _aاحمد صقر عاشور | |
| 245 | 1 | 0 |
_aادارة القوى العاملة : الاسس السلوكية وادوات البحث التطبيقى / _cاحمد صقر عاشور |
| 300 |
_a513 ص ؛ _c22 سم |
||
| 490 | _a | ||
| 650 | 0 | 4 | _aالعمل والعمال |
| 650 | 0 | 4 | _aالسلوك |
| 942 |
_2ddc _cBK |
||
| 999 |
_c41646 _d41646 |
||